[Event "Aragon-chT Honor GrB"]
[Site "Aragon"]
[Date "2015.02.07"]
[Round "3.30"]
[White "Gil Capape, Marco Antonio"]
[Black "Glavina, Pablo"]
[Result "1-0"]
[WhiteElo "2073"]
[BlackElo "2418"]
[PlyCount "39"]
[EventDate "2015.01.24"]
[EventType "team-tourn"]
[EventRounds "7"]
[EventCountry "ESP"]
[SourceTitle "EXT 2017"]
[Source "ChessBase"]
[SourceDate "2016.10.25"]
[SourceVersion "1"]
[SourceVersionDate "2016.10.25"]
[SourceQuality "1"]
[WhiteTeam "Caissa"]
[BlackTeam "St Casablanca"]
[WhiteTeamCountry "ESP"]
[BlackTeamCountry "ESP"]

1. e4 c5 2. Nc3 g6 3. f4 Bg7 4. Nf3 Nc6 5. Bb5 Nd4 6. 0-0 a6 7. Bc4 e6 8. e5 b5 9. Bd3 d5 10. Nxd4 cxd4 11. Ne2 f6 12. Qe1 fxe5 13. fxe5 Qg5 14. b3 Ne7 15. Bb2 Rf8 16. Rxf8+ Kxf8 17. Qf2+ Kg8 18. Rf1 Bd7 19. h4 Qxd2 20. Qf7+ 1-0

[Event "Aragon-chT Honor GrA"]
[Site "Aragon"]
[Date "2014.01.25"]
[Round "1.3"]
[White "Gil Capape, Marco Antonio"]
[Black "Gonzalez Gambau, Jorge"]
[Result "0-1"]
[WhiteElo "2061"]
[BlackElo "2123"]
[PlyCount "88"]
[EventDate "2014.01.25"]
[EventType "team-tourn"]
[EventRounds "7"]
[EventCountry "ESP"]
[SourceTitle "EXT 2015"]
[Source "ChessBase"]
[SourceDate "2014.11.20"]
[SourceVersion "1"]
[SourceVersionDate "2014.11.20"]
[SourceQuality "1"]
[WhiteTeam "Caissa Hermanos Cortes"]
[BlackTeam "Casino Jaque"]
[WhiteTeamCountry "ESP"]
[BlackTeamCountry "ESP"]

1. d4 d5 2. c4 c6 3. Nf3 Nf6 4. Nc3 g6 5. e3 Bg7 6. Bd3 0-0 7. 0-0 dxc4 8. Bxc4 Bg4 9. h3 Bxf3 10. Qxf3 Nbd7 11. Rd1 e5 12. Bd2 exd4 13. exd4 Nb6 14. Bb3 Nbd5 15. Rac1 Re8 16. Bg5 h6 17. Bxf6 Nxf6 18. d5 cxd5 19. Nxd5 Nxd5 20. Bxd5 Qe7 21. Bxb7 Rab8 22. Bc6 Bxb2 23. Rd7 Bxc1 24. Rxe7 Rxe7 25. Bd5 Bb2 26. g3 Bg7 27. Bb3 Rd8 28. Qg4 Kh7 29. Qb4 Red7 30. Kf1 Rd2 31. Bxf7 Rb2 32. Qe4 Rd6 33. Qa8 h5 34. g4 Rf6 35. Qg8+ Kh6 36. g5+ Kxg5 37. Qxg7 Rbxf2+ 38. Ke1 Rxf7 39. Qd4 Rf1+ 40. Ke2 R1f2+ 41. Ke1 R2f4 42. Qe5+ Kh4 43. Qe3 Rf1+ 44. Ke2 R7f2+ 0-1

[Event "Aragon-chT Honor Descenso"]
[Site "Aragon"]
[Date "2013.03.23"]
[Round "9.25"]
[White "Gimenez Martinez, Alberto"]
[Black "Gil Capape, Marco Antonio"]
[Result "0-1"]
[WhiteElo "2171"]
[BlackElo "2084"]
[PlyCount "92"]
[EventDate "2013.01.26"]
[EventType "team-tourn"]
[EventRounds "11"]
[EventCountry "ESP"]
[SourceTitle "EXT 2014"]
[Source "ChessBase"]
[SourceDate "2013.11.20"]
[SourceVersion "1"]
[SourceVersionDate "2013.11.20"]
[SourceQuality "1"]
[WhiteTeam "St Casablanca II"]
[BlackTeam "Caissa Hermanos Cortes"]
[WhiteTeamCountry "ESP"]
[BlackTeamCountry "ESP"]

1. e4 e6 2. d4 d5 3. e5 c5 4. c3 Nc6 5. Nf3 Qb6 6. Bd3 cxd4 7. cxd4 Bd7 8. 0-0 Nxd4 9. Nxd4 Qxd4 10. Nc3 a6 11. Qe2 Qb6 12. Kh1 Ne7 13. f4 Bc6 14. f5 exf5 15. e6 f6 16. Bxf5 g6 17. Bc2 Bg7 18. Be3 d4 19. Na4 Qb5 20. Qxb5 axb5 21. Nb6 dxe3 22. Nxa8 Nd5 23. Bb3 Ke7 24. Rfd1 Nf4 25. Nb6 Bxg2+ 26. Kg1 Bc6 27. Re1 f5 28. Rad1 e2 29. Nd5+ Bxd5 30. Rxd5 Nxd5 31. Bxd5 Rd8 32. Bb3 Rd2 33. Kf2 Bd4+ 34. Kf3 g5 35. h3 h5 36. Rh1 Kf6 37. Re1 g4+ 38. hxg4 hxg4+ 39. Kg3 Rd3+ 40. Kg2 Re3 41. Bd5 f4 42. Bxb7 Kxe6 43. Bc8+ Ke5 44. Ba6 f3+ 45. Kg3 Rd3 46. Kxg4 Rd1 0-1

[Event "Aragon-chT Honor Descenso"]
[Site "Aragon"]
[Date "2013.03.16"]
[Round "8.25"]
[White "Gil Capape, Marco Antonio"]
[Black "Villuendas Valero, Adrian"]
[Result "0-1"]
[WhiteElo "2084"]
[BlackElo "2301"]
[PlyCount "68"]
[EventDate "2013.01.26"]
[EventType "team-tourn"]
[EventRounds "11"]
[EventCountry "ESP"]
[SourceTitle "EXT 2014"]
[Source "ChessBase"]
[SourceDate "2013.11.20"]
[SourceVersion "1"]
[SourceVersionDate "2013.11.20"]
[SourceQuality "1"]
[WhiteTeam "Caissa Hermanos Cortes"]
[BlackTeam "Ramiro"]
[WhiteTeamCountry "ESP"]
[BlackTeamCountry "ESP"]

1. e4 e6 2. d4 d5 3. e5 c5 4. Nf3 Nc6 5. Bd3 Bd7 6. 0-0 Qc7 7. a3 Nge7 8. dxc5 Ng6 9. b4 a5 10. Nc3 axb4 11. Nb5 Qb8 12. Bxg6 hxg6 13. Nd6+ Bxd6 14. exd6 Kf8 15. Bb2 bxa3 16. Rxa3 Rxa3 17. Bxa3 Qa7 18. Bb2 f6 19. Qd3 Kf7 20. Qc3 Ra8 21. Ra1 Qb8 22. Ng5+ Kg8 23. Re1 d4 24. Qb3 fxg5 25. Rxe6 Bxe6 26. Qxe6+ Kf8 27. h4 Qe8 28. Qb3 Qf7 29. Qh3 gxh4 30. Qxh4 Kg8 31. c3 d3 32. Qh3 Qf5 33. g4 Qe4 34. g5 d2 0-1

[Event "Aragon-chT Honor GrA"]
[Site "Aragon"]
[Date "2013.03.02"]
[Round "6.1"]
[White "Gil Capape, Marco Antonio"]
[Black "Ramon Perez, Jose Luis"]
[Result "0-1"]
[WhiteElo "2084"]
[BlackElo "2236"]
[PlyCount "70"]
[EventDate "2013.01.26"]
[EventType "team"]
[EventRounds "7"]
[EventCountry "ESP"]
[SourceTitle "EXT 2014"]
[Source "ChessBase"]
[SourceDate "2013.11.20"]
[SourceVersion "1"]
[SourceVersionDate "2013.11.20"]
[SourceQuality "1"]
[WhiteTeam "Caissa Hermanos Cortes"]
[BlackTeam "Agrupacion"]
[WhiteTeamCountry "ESP"]
[BlackTeamCountry "ESP"]

1. e4 e5 2. Nf3 Nc6 3. Bb5 a6 4. Bxc6 dxc6 5. Nxe5 Qd4 6. Ng4 Qxe4+ 7. Ne3 Nf6 8. Nc3 Qg6 9. Qe2 Be6 10. d3 0-0-0 11. Bd2 Bc5 12. 0-0-0 Rhe8 13. Qf1 Nd5 14. Ne4 Bf8 15. Nc4 Nb4 16. Ne5 Qh5 17. f4 f6 18. Ng3 Qh4 19. Nf3 Nxa2+ 20. Kb1 Qg4 21. Qf2 Nb4 22. h3 Nxd3 23. cxd3 Qg6 24. f5 Bxf5 25. Nh4 Bxd3+ 26. Ka1 Qf7 27. Bc3 Qc4 28. Rxd3 Rxd3 29. Nf3 Red8 30. Qc2 Bb4 31. Ne2 R8d5 32. b3 Bxc3+ 33. Kb1 Ra5 34. Nxc3 Qxc3 35. Qxc3 Rxc3 0-1

[Event "Aragon-ch"]
[Site "Zaragoza"]
[Date "2012.08.29"]
[Round "5"]
[White "Ramiro Ovejero, Juan Luis"]
[Black "Gil Capape, Marco Antonio"]
[Result "1-0"]
[WhiteElo "2349"]
[BlackElo "2077"]
[PlyCount "87"]
[EventDate "2012.08.25"]
[EventType "swiss"]
[EventRounds "9"]
[EventCountry "ESP"]
[SourceTitle "EXT 2024"]
[Source "ChessBase"]
[SourceDate "2023.10.10"]
[SourceVersion "1"]
[SourceVersionDate "2023.10.10"]
[SourceQuality "1"]

1. d4 e6 2. Nf3 d5 3. g3 Be7 4. Bg2 Nd7 5. 0-0 f5 6. c4 Ngf6 7. Qc2 Ne4 8. b3 c6 9. Ba3 Nd6 10. cxd5 exd5 11. Bxd6 Bxd6 12. Qxf5 Nf6 13. Qd3 0-0 14. Nfd2 Qe8 15. Nc3 Bb4 16. e4 Qh5 17. f3 b6 18. Rac1 Qh6 19. e5 Ba6 20. Qxa6 Qxd2 21. Ne2 Nd7 22. Rcd1 Qe3+ 23. Kh1 b5 24. Qxc6 Qxe2 25. Qxd5+ Kh8 26. Qxd7 Rac8 27. Rc1 Rxc1 28. Rxc1 Rxf3 29. Qc8+ Rf8 30. Qc2 Qe3 31. Rd1 Rf2 32. Qe4 Qxe4 33. Bxe4 g6 34. Bc6 Rxa2 35. d5 Rd2 36. Rxd2 Bxd2 37. d6 Bb4 38. Bxb5 Kg7 39. Kg2 Kf7 40. Bc4+ Ke8 41. Kf3 Kd7 42. Ke4 Kd8 43. Kd5 Ba5 44. e6 1-0

[Event "Aragon-chT Honor Descenso"]
[Site "Aragon"]
[Date "2012.04.15"]
[Round "11.19"]
[White "Accattato Martin, Mario"]
[Black "Gil Capape, Marco Antonio"]
[Result "0-1"]
[WhiteElo "2190"]
[BlackElo "2059"]
[PlyCount "66"]
[EventDate "2012.02.04"]
[EventType "team-tourn"]
[EventRounds "11"]
[EventCountry "ESP"]
[SourceTitle "EXT 2014"]
[Source "ChessBase"]
[SourceDate "2013.11.20"]
[SourceVersion "1"]
[SourceVersionDate "2013.11.20"]
[SourceQuality "1"]
[WhiteTeam "Casino Jaque"]
[BlackTeam "Caissa"]
[WhiteTeamCountry "ESP"]
[BlackTeamCountry "ESP"]

1. e4 c5 2. Nf3 Nc6 3. Bb5 g6 4. 0-0 Bg7 5. c3 a6 6. Bxc6 dxc6 7. d3 Bg4 8. h3 Bxf3 9. Qxf3 Nf6 10. Rd1 0-0 11. Be3 Nd7 12. Na3 b5 13. Nc2 Qc7 14. Rac1 f5 15. b4 Ne5 16. Qg3 f4 17. Bxf4 Nf3+ 18. Qxf3 Rxf4 19. Qg3 Bxc3 20. bxc5 Raf8 21. d4 Qa5 22. Ne3 Rxe4 23. d5 Be5 24. Qg5 Bf6 25. Qg3 Bh4 26. Qf3 Rxf3 27. gxf3 Ra4 28. d6 e5 29. Ng4 Rxa2 30. d7 Rd2 31. Nxe5 Bxf2+ 32. Kh1 Bh4 33. Nxc6 Qa2 0-1

[Event "Aragon-chT Honor GrB "]
[Site "Aragon"]
[Date "2012.02.11"]
[Round "2.23"]
[White "Sanmartin Agustin, Alvaro"]
[Black "Gil Capape, Marco Antonio"]
[Result "0-1"]
[WhiteElo "2026"]
[BlackElo "2059"]
[PlyCount "90"]
[EventDate "2012.02.04"]
[EventType "team-tourn"]
[EventRounds "7"]
[EventCountry "ESP"]
[SourceTitle "EXT 2014"]
[Source "ChessBase"]
[SourceDate "2013.11.20"]
[SourceVersion "1"]
[SourceVersionDate "2013.11.20"]
[SourceQuality "1"]
[WhiteTeam "Ramiro"]
[BlackTeam "Caissa"]
[WhiteTeamCountry "ESP"]
[BlackTeamCountry "ESP"]

1. e3 e5 2. c4 Nc6 3. a3 g6 4. Nc3 Bg7 5. Nge2 Nf6 6. g3 0-0 7. Bg2 d6 8. 0-0 Bf5 9. d3 Qd7 10. Re1 Rad8 11. Rb1 Bh3 12. Bh1 Ne7 13. Qa4 Qf5 14. Qxa7 Ra8 15. e4 Qc8 16. Qe3 Ng4 17. Qg5 f5 18. Qxe7 Bf6 19. Nd5 Rf7 20. Nb6 cxb6 21. Qxd6 Be7 22. Qd5 Ra5 23. Qxf7+ Kxf7 24. b4 Ra8 25. Nc3 Qd8 26. Nd5 Nf6 27. exf5 Bxf5 28. Nxf6 Bxf6 29. Bxb7 Ra7 30. Bd5+ Kg7 31. Be3 Bxd3 32. Rbd1 Rxa3 33. Ra1 Rxa1 34. Rxa1 Qc7 35. Ra8 Bd8 36. c5 Qd7 37. Bb3 Be4 38. Ra2 Bf3 39. Bc4 Qd1+ 40. Bf1 Qb1 41. Ra7+ Kf6 42. Rd7 Be2 43. h4 Qxf1+ 44. Kh2 Bf3 45. Bg5+ Kf5 0-1

[Event "Aragon-chT Honor GrB "]
[Site "Aragon"]
[Date "2012.02.04"]
[Round "1.31"]
[White "Gil Capape, Marco Antonio"]
[Black "Del Corral Abancens, Alfonso"]
[Result "1-0"]
[WhiteElo "2059"]
[BlackElo "1935"]
[PlyCount "53"]
[EventDate "2012.02.04"]
[EventType "team-tourn"]
[EventRounds "7"]
[EventCountry "ESP"]
[SourceTitle "EXT 2014"]
[Source "ChessBase"]
[SourceDate "2013.11.20"]
[SourceVersion "1"]
[SourceVersionDate "2013.11.20"]
[SourceQuality "1"]
[WhiteTeam "Caissa"]
[BlackTeam "Shatranj"]
[WhiteTeamCountry "ESP"]
[BlackTeamCountry "ESP"]

1. e4 c5 2. Nc3 Nc6 3. f4 g6 4. Nf3 Bg7 5. Bb5 e6 6. Bxc6 bxc6 7. e5 f5 8. b3 Ne7 9. Ba3 Qa5 10. Na4 Nd5 11. 0-0 Nb4 12. d3 Ba6 13. c4 Rb8 14. Bb2 0-0 15. a3 Nxd3 16. Qxd3 d5 17. exd6 Bxb2 18. Nxb2 Qb6 19. Na4 Qxb3 20. Qxb3 Rxb3 21. Nxc5 Rb6 22. Nxa6 Rxa6 23. Ne5 c5 24. Rfd1 Rd8 25. d7 Kf8 26. Rab1 Ke7 27. Rb5 1-0

[Event "Zaragoza Casablanca op 4th"]
[Site "Zaragoza"]
[Date "2010.12.24"]
[Round "2.1"]
[White "Gil Capape, Marco Antonio"]
[Black "Oms Pallisse, Josep"]
[Result "0-1"]
[WhiteElo "2061"]
[BlackElo "2528"]
[PlyCount "46"]
[EventDate "2010.12.23"]
[EventType "swiss"]
[EventRounds "9"]
[EventCountry "ESP"]
[SourceTitle "CBM 140 Extra"]
[Source "ChessBase"]
[SourceDate "2011.03.01"]
[SourceVersion "1"]
[SourceVersionDate "2011.03.01"]
[SourceQuality "1"]

1. e4 e5 2. f4 exf4 3. Bc4 Nf6 4. e5 d5 5. Bb5+ c6 6. exf6 cxb5 7. Qe2+ Be6 8. Qxb5+ Nc6 9. fxg7 Bxg7 10. Nf3 0-0 11. c3 d4 12. d3 dxc3 13. bxc3 a6 14. Qg5 Qxd3 15. Bxf4 Rfe8 16. Kf2 Bd5 17. Nbd2 Re2+ 18. Kg3 Re6 19. Qh5 Rg6+ 20. Kf2 Bxc3 21. Rae1 Bxd2 22. Rd1 Bxf3 23. Qxg6+ Qxg6 0-1

[Event "Aragon-chT Preferente"]
[Site "Spain"]
[Date "2010.03.06"]
[Round "7.21"]
[White "Llanes Luno, Ricardo"]
[Black "Gil Capape, Marco Antonio"]
[Result "1-0"]
[WhiteElo "2224"]
[BlackElo "2155"]
[PlyCount "53"]
[EventDate "2010.01.23"]
[EventType "team-swiss"]
[EventRounds "12"]
[EventCountry "ESP"]
[SourceTitle "EXT 2013"]
[Source "ChessBase"]
[SourceDate "2012.11.22"]
[SourceVersion "1"]
[SourceVersionDate "2012.11.22"]
[SourceQuality "1"]
[WhiteTeam "Delicias"]
[BlackTeam "Caissa Hermanos Cortes"]
[WhiteTeamCountry "ESP"]
[BlackTeamCountry "ESP"]

1. e4 e6 2. d4 d5 3. Nc3 dxe4 4. Nxe4 Qd5 5. Nc3 Bb4 6. Nf3 Bd7 7. Bd3 Bb5 8. 0-0 Bxc3 9. bxc3 Bxd3 10. Qxd3 Nd7 11. c4 Qh5 12. Rb1 Rd8 13. Qa3 b6 14. Qxa7 Ne7 15. Qxc7 Rc8 16. Qb7 Rxc4 17. Ba3 Qd5 18. Rxb6 Rxc2 19. Ne5 Nc8 20. Rc6 Rxc6 21. Nxc6 Ndb6 22. Rb1 Qxa2 23. Rxb6 f5 24. Qxc8+ Kf7 25. Ne5+ Kf6 26. Qc1 Ra8 27. Rb7 1-0

[Event "Aragon-chT Preferente"]
[Site "Spain"]
[Date "2010.01.30"]
[Round "2.61"]
[White "Gil Capape, Marco Antonio"]
[Black "Lucea Valero, Alejandro"]
[Result "1-0"]
[WhiteElo "2155"]
[BlackElo "1982"]
[PlyCount "69"]
[EventDate "2010.01.23"]
[EventType "team-swiss"]
[EventRounds "12"]
[EventCountry "ESP"]
[SourceTitle "EXT 2013"]
[Source "ChessBase"]
[SourceDate "2012.11.22"]
[SourceVersion "1"]
[SourceVersionDate "2012.11.22"]
[SourceQuality "1"]
[WhiteTeam "Caissa Hermanos Cortes"]
[BlackTeam "Caissa Hermanos Cortes II"]
[WhiteTeamCountry "ESP"]
[BlackTeamCountry "ESP"]

1. c4 Nf6 2. Nc3 g6 3. e4 d6 4. d4 Bg7 5. f3 Nc6 6. Be3 e5 7. d5 Ne7 8. Qd2 Nh5 9. 0-0-0 f5 10. Bd3 f4 11. Bf2 0-0 12. g4 Nf6 13. c5 Nd7 14. b4 a5 15. cxd6 cxd6 16. Nb5 axb4 17. Qxb4 Rxa2 18. Rd2 Rxd2 19. Kxd2 Nc5 20. Nxd6 Nxd3 21. Kxd3 Qd7 22. Ne2 b6 23. Nc3 Ba6+ 24. Kd2 Rd8 25. Ra1 Bf1 26. Rxf1 Qxd6 27. Qxb6 Qd7 28. Ra1 Bf8 29. Ra7 Qc8 30. Rc7 Qa8 31. Qe6+ Kh8 32. Ba7 Rc8 33. Qxe5+ Kg8 34. Qe6+ Kg7 35. Bd4+ 1-0

[Event "Aragon-chT"]
[Site "Aragon"]
[Date "2009.03.21"]
[Round "8"]
[White "Gil Capape, Marco Antonio"]
[Black "Montes Santos, Lorenzo"]
[Result "1-0"]
[WhiteElo "2161"]
[BlackElo "2089"]
[PlyCount "125"]
[EventDate "2009.01.24"]
[EventType "team-swiss"]
[EventRounds "9"]
[EventCountry "ESP"]
[SourceTitle "EXT 2011"]
[Source "ChessBase"]
[SourceDate "2010.11.26"]
[SourceVersion "1"]
[SourceVersionDate "2010.11.26"]
[SourceQuality "1"]

1. e4 c5 2. Nf3 g6 3. Bc4 Bg7 4. 0-0 Nc6 5. c3 d6 6. d4 cxd4 7. cxd4 Nf6 8. e5 dxe5 9. dxe5 Qxd1 10. Rxd1 Ng4 11. e6 Bxe6 12. Bxe6 fxe6 13. h3 Nf6 14. Ng5 Rd8 15. Bd2 Nd4 16. Nc3 h6 17. Be3 Nh5 18. Bxd4 Rxd4 19. Nxe6 Rxd1+ 20. Rxd1 Bxc3 21. bxc3 Kf7 22. Nd8+ Kf6 23. g3 b6 24. Rd4 g5 25. Rd7 Re8 26. Kf1 Ng7 27. Ke2 Nf5 28. a4 h5 29. Kd3 g4 30. hxg4 hxg4 31. Ke4 Rh8 32. Kf4 Rh2 33. Rd2 Nh6 34. Re2 e5+ 35. Ke4 Nf5 36. Kd3 e4+ 37. Rxe4 Rxf2 38. Rxg4 Rf3+ 39. Kd2 Nxg3 40. Nc6 Nf5 41. Nxa7 Rf2+ 42. Kc1 Ne3 43. Rb4 Rc2+ 44. Kb1 Rxc3 45. Rxb6+ Ke7 46. Rb7+ Kd8 47. Kb2 Rc7 48. Rb8+ Kd7 49. Nb5 Rc6 50. Kb3 Ra6 51. Rh8 Nd5 52. Rh7+ Kc6 53. Rh6+ Kb7 54. Nd6+ Kb8 55. Rh8+ Kc7 56. Rh7+ Kc6 57. Nc4 Kc5 58. a5 Nf4 59. Rc7+ Rc6 60. Rf7 Nd5 61. Rf5 Ra6 62. Ne3 Rxa5 63. Rxd5+ 1-0

[Event "Aragon-chT"]
[Site "Aragon"]
[Date "2009.03.14"]
[Round "7"]
[White "Antonano Fedz Quincoces, Avelino"]
[Black "Gil Capape, Marco Antonio"]
[Result "1-0"]
[WhiteElo "2102"]
[BlackElo "2161"]
[PlyCount "75"]
[EventDate "2009.01.24"]
[EventType "team-swiss"]
[EventRounds "9"]
[EventCountry "ESP"]
[SourceTitle "EXT 2011"]
[Source "ChessBase"]
[SourceDate "2010.11.26"]
[SourceVersion "1"]
[SourceVersionDate "2010.11.26"]
[SourceQuality "1"]

1. Nf3 d5 2. b3 Nc6 3. Bb2 f6 4. d4 Bf5 5. Nh4 Bg4 6. h3 Bh5 7. g4 Bf7 8. Nf3 e6 9. Qd2 Bd6 10. Nc3 a6 11. Bg2 Nge7 12. 0-0-0 Ng6 13. e3 Qe7 14. Kb1 Bb4 15. Ne1 Nh4 16. f4 Nxg2 17. Qxg2 0-0-0 18. Nd3 Bg6 19. Nxb4 Nxb4 20. Rd2 c5 21. a3 Nc6 22. Rf1 Rd7 23. f5 cxd4 24. exd4 exf5 25. gxf5 Bh5 26. Nxd5 Qd8 27. Nf4 Bf7 28. Ne6 Qg8 29. d5 Nd8 30. Rf4 b5 31. Rg4 Bh5 32. Rxg7 Rxg7 33. Nxg7 Bf7 34. Bxf6 Qf8 35. d6 Bd5 36. Qxd5 Qxf6 37. Qa8+ Kd7 38. Qa7+ 1-0

[Event "Aragon-chT"]
[Site "Aragon"]
[Date "2008.04.05"]
[Round "8"]
[White "Gil Capape, Marco Antonio"]
[Black "Quintin Navarro, Alberto"]
[Result "1-0"]
[WhiteElo "2185"]
[BlackElo "1975"]
[PlyCount "79"]
[EventDate "2008.02.02"]
[EventType "team-swiss"]
[EventRounds "12"]
[EventCountry "ESP"]
[SourceTitle "EXT 2011"]
[Source "ChessBase"]
[SourceDate "2010.11.26"]
[SourceVersion "1"]
[SourceVersionDate "2010.11.26"]
[SourceQuality "1"]

1. e4 c5 2. Nf3 d6 3. d4 Nf6 4. Nc3 cxd4 5. Nxd4 a6 6. Be2 e5 7. Nb3 Be7 8. Bg5 Nbd7 9. 0-0 b6 10. Qd2 Bb7 11. Bf3 Rc8 12. Rad1 h6 13. Be3 0-0 14. g4 b5 15. a3 Rc4 16. Be2 Nxe4 17. Nxe4 Rxe4 18. Bf3 Qc7 19. Bxe4 Bxe4 20. f3 Ba8 21. Qf2 f5 22. gxf5 Rxf5 23. Qd2 Nb6 24. Qa5 Nd5 25. Qxa6 Bb7 26. Qa7 Nxe3 27. Qxe3 Qxc2 28. Rd2 Qc8 29. Rc1 Qd7 30. Nc5 Qc7 31. Qb3+ Kh8 32. Qxb5 Bxf3 33. Qd7 Rg5+ 34. Kf1 Qa5 35. Nb3 Qa6+ 36. Kf2 Rg2+ 37. Kxf3 Rf2+ 38. Kxf2 Bh4+ 39. Kg2 Qb6 40. Rc8+ 1-0